[Event "DVM U12w 2024"]
[Site "Bad Homburg GER"]
[Date "2024.12.28"]
[Round "3"]
[White "Kessler, Lisbeth Erna"]
[Black "Zietz, Leni"]
[Result "0-1"]
[Termination "normal"]
[Board "5.4"]
[WhiteElo "926"]
[BlackElo "1071"]
[WhiteClock "01:07:27"]
[BlackClock "01:30:29"]
[WhiteTeam "Schachzwerge Magdeburg"]
[BlackTeam "SAV Torgelow-Drögeheide 90"]
[PlyCount "112"]
[WhiteFideId "533025894"]
[BlackFideId "533025886"]
[EventCountry "GER"]
[EventRounds "7"]
[EventType "team-swiss"]
[EventDate "2024.12.26"]

1. e4 {[%clk 01:30:58]} {[%emt 00:00:01]} c5 {[%clk 01:30:54]} {[%emt
00:00:06]} 2. Nf3 {[%clk 01:31:24]} {[%emt 00:00:05]} d6 {[%clk 01:31:18]}
{[%emt 00:00:06]} 3. c3 {[%clk 01:31:49]} {[%emt 00:00:05]} Nc6 {[%clk
01:31:40]} {[%emt 00:00:07]} 4. h3 {[%clk 01:31:09]} {[%emt 00:01:10]} g6
{[%clk 01:31:55]} {[%emt 00:00:15]} 5. d4 {[%clk 01:30:48]} {[%emt 00:00:50]}
cxd4 {[%clk 01:32:12]} {[%emt 00:00:13]} 6. cxd4 {[%clk 01:31:10]} {[%emt
00:00:08]} Bg7 {[%clk 01:31:59]} {[%emt 00:00:42]} 7. Bb5 {[%clk 01:30:17]}
{[%emt 00:01:24]} Bd7 {[%clk 01:32:14]} {[%emt 00:00:15]} 8. O-O {[%clk
01:29:05]} {[%emt 00:01:42]} Nf6 {[%clk 01:32:08]} {[%emt 00:00:36]} 9. Nc3
{[%clk 01:28:21]} {[%emt 00:01:14]} O-O {[%clk 01:31:34]} {[%emt 00:01:04]} 10.
Be3 {[%clk 01:26:35]} {[%emt 00:02:15]} a6 {[%clk 01:31:18]} {[%emt 00:00:46]}
11. Be2 {[%clk 01:26:23]} {[%emt 00:00:42]} b5 {[%clk 01:31:01]} {[%emt
00:00:48]} 12. d5 {[%clk 01:25:57]} {[%emt 00:00:56]} Ne5 {[%clk 01:30:24]}
{[%emt 00:01:06]} 13. Bd4 {[%clk 01:24:47]} {[%emt 00:01:41]} b4 {[%clk
01:28:37]} {[%emt 00:02:18]} 14. Bxe5 {[%clk 01:23:29]} {[%emt 00:01:46]} dxe5
{[%clk 01:28:08]} {[%emt 00:00:59]} 15. Nxe5 {[%clk 01:23:50]} {[%emt
00:00:09]} bxc3 {[%clk 01:28:14]} {[%emt 00:00:24]} 16. bxc3 {[%clk 01:24:11]}
{[%emt 00:00:09]} Nxe4 {[%clk 01:28:02]} {[%emt 00:00:42]} 17. Nxd7 {[%clk
01:23:55]} {[%emt 00:00:46]} Qxd7 {[%clk 01:27:50]} {[%emt 00:00:43]} 18. Rc1
{[%clk 01:20:53]} {[%emt 00:03:32]} Nxc3 {[%clk 01:27:53]} {[%emt 00:00:27]}
19. Qd2 {[%clk 01:20:29]} {[%emt 00:00:54]} Nxe2+ {[%clk 01:27:57]} {[%emt
00:00:27]} 20. Qxe2 {[%clk 01:20:33]} {[%emt 00:00:25]} Qxd5 {[%clk 01:28:01]}
{[%emt 00:00:26]} 21. Rfd1 {[%clk 01:20:14]} {[%emt 00:00:48]} Qe6 {[%clk
01:28:01]} {[%emt 00:00:30]} 22. Qc2 {[%clk 01:19:43]} {[%emt 00:01:01]} Rac8
{[%clk 01:27:41]} {[%emt 00:00:52]} 23. Qb1 {[%clk 01:17:53]} {[%emt 00:02:20]}
Rxc1 {[%clk 01:27:04]} {[%emt 00:01:07]} 24. Rxc1 {[%clk 01:18:13]} {[%emt
00:00:10]} Rc8 {[%clk 01:24:29]} {[%emt 00:03:05]} 25. Rd1 {[%clk 01:17:49]}
{[%emt 00:00:53]} Qe2 {[%clk 01:24:06]} {[%emt 00:00:54]} 26. Rd7 {[%clk
01:17:10]} {[%emt 00:01:09]} Rc2 {[%clk 01:23:49]} {[%emt 00:00:48]} 27. Qf1
{[%clk 01:13:53]} {[%emt 00:03:47]} Rxa2 {[%clk 01:23:01]} {[%emt 00:01:17]}
28. Rd1 {[%clk 01:13:06]} {[%emt 00:01:17]} Qxf1+ {[%clk 01:23:14]} {[%emt
00:00:17]} 29. Rxf1 {[%clk 01:13:26]} {[%emt 00:00:10]} Rb2 {[%clk 01:23:32]}
{[%emt 00:00:12]} 30. Rc1 {[%clk 01:13:03]} {[%emt 00:00:53]} Rb7 {[%clk
01:23:51]} {[%emt 00:00:12]} 31. Rc6 {[%clk 01:12:48]} {[%emt 00:00:46]} Ra7
{[%clk 01:24:13]} {[%emt 00:00:07]} 32. f4 {[%clk 01:13:06]} {[%emt 00:00:11]}
a5 {[%clk 01:24:26]} {[%emt 00:00:18]} 33. Rc2 {[%emt 00:00:27]} a4 {[%emt
00:00:10]} 34. Ra2 {[%clk 01:12:53]} {[%emt 00:00:06]} a3 {[%clk 01:24:34]}
{[%emt 00:00:22]} 35. g3 {[%clk 01:13:08]} {[%emt 00:00:14]} Bb2 {[%clk
01:24:43]} {[%emt 00:00:22]} 36. Kf2 {[%clk 01:12:57]} {[%emt 00:00:41]} Rc7
{[%clk 01:24:54]} {[%emt 00:00:19]} 37. Ke3 {[%clk 01:12:37]} {[%emt 00:00:47]}
Kg7 {[%clk 01:25:10]} {[%emt 00:00:16]} 38. Kd3 {[%clk 01:11:48]} {[%emt
00:01:19]} f5 {[%clk 01:25:19]} {[%emt 00:00:22]} 39. g4 {[%clk 01:11:29]}
{[%emt 00:00:49]} fxg4 {[%clk 01:25:18]} {[%emt 00:00:31]} 40. hxg4 {[%clk
01:11:51]} {[%emt 00:00:08]} h5 {[%clk 01:25:41]} {[%emt 00:00:07]} 41. gxh5
{[%emt 00:01:26]} gxh5 {[%emt 00:00:13]} 42. Ke2 {[%clk 01:09:37]} {[%emt
00:01:04]} h4 {[%clk 01:26:01]} {[%emt 00:00:11]} 43. Kf2 {[%clk 01:09:57]}
{[%emt 00:00:10]} h3 {[%clk 01:26:24]} {[%emt 00:00:07]} 44. Kg1 {[%clk
01:10:18]} {[%emt 00:00:08]} Rc1+ {[%clk 01:26:44]} {[%emt 00:00:10]} 45. Kh2
{[%clk 01:10:42]} {[%emt 00:00:07]} Ra1 {[%clk 01:27:08]} {[%emt 00:00:05]} 46.
Rxa3 {[%clk 01:07:47]} {[%emt 00:03:25]} Rxa3 {[%clk 01:27:23]} {[%emt
00:00:15]} 47. Kh1 {[%clk 01:06:41]} {[%emt 00:01:36]} e5 {[%clk 01:27:23]}
{[%emt 00:00:31]} 48. fxe5 {[%clk 01:05:58]} {[%emt 00:01:13]} Bxe5 {[%clk
01:27:46]} {[%emt 00:00:07]} 49. Kg1 {[%clk 01:05:41]} {[%emt 00:00:46]} Ra2
{[%clk 01:28:06]} {[%emt 00:00:10]} 50. Kh1 {[%clk 01:05:55]} {[%emt 00:00:17]}
Kg6 {[%clk 01:28:17]} {[%emt 00:00:19]} 51. Kg1 {[%clk 01:05:54]} {[%emt
00:00:30]} h2+ {[%clk 01:28:41]} {[%emt 00:00:07]} 52. Kh1 {[%clk 01:06:16]}
{[%emt 00:00:06]} Ra1+ {[%clk 01:29:02]} {[%emt 00:00:09]} 53. Kg2 {[%clk
01:06:32]} {[%emt 00:00:13]} h1=Q+ {[%clk 01:29:22]} {[%emt 00:00:11]} 54. Kf2
{[%clk 01:06:52]} {[%emt 00:00:10]} Qh3 {[%clk 01:29:41]} {[%emt 00:00:11]} 55.
Ke2 {[%clk 01:07:03]} {[%emt 00:00:19]} Ra2+ {[%emt 00:00:09]} 56. Ke1 {[%clk
01:07:27]} {[%emt 00:00:02]} Qh1# {[%clk 01:30:29]} {[%emt 00:00:06]} 0-1

[Event "DVM U12w 2024"]
[Site "Bad Homburg GER"]
[Date "2024.12.28"]
[Round "3"]
[White "Frenzel, Qorianka"]
[Black "Kübart, Ela Marie"]
[Result "1/2-1/2"]
[Termination "normal"]
[Board "6.1"]
[WhiteElo "1568"]
[BlackElo "1561"]
[WhiteClock "00:57:59"]
[BlackClock "00:57:36"]
[WhiteTeam "SG Porz"]
[BlackTeam "SK Freiburg-Zähringen 1887"]
[PlyCount "44"]
[WhiteFideId "276294"]
[BlackFideId "34633723"]
[EventCountry "GER"]
[EventRounds "7"]
[EventType "team-swiss"]
[EventDate "2024.12.26"]

1. e4 {[%clk 01:30:56]} {[%emt 00:00:03]} e6 {[%clk 01:30:53]} {[%emt
00:00:07]} 2. d4 {[%clk 01:31:19]} {[%emt 00:00:07]} d5 {[%clk 01:31:16]}
{[%emt 00:00:08]} 3. e5 {[%clk 01:31:44]} {[%emt 00:00:05]} c5 {[%clk
01:31:37]} {[%emt 00:00:09]} 4. c3 {[%clk 01:32:09]} {[%emt 00:00:04]} Nc6
{[%clk 01:31:51]} {[%emt 00:00:17]} 5. Nf3 {[%clk 01:32:33]} {[%emt 00:00:05]}
cxd4 {[%clk 01:31:58]} {[%emt 00:00:23]} 6. cxd4 {[%clk 01:32:26]} {[%emt
00:00:38]} Nge7 {[%clk 01:32:12]} {[%emt 00:00:16]} 7. a3 {[%clk 01:31:51]}
{[%emt 00:01:04]} Nf5 {[%clk 01:32:27]} {[%emt 00:00:14]} 8. b4 {[%clk
01:30:57]} {[%emt 00:01:23]} Be7 {[%clk 01:31:43]} {[%emt 00:01:13]} 9. Bb2
{[%clk 01:30:53]} {[%emt 00:00:36]} O-O {[%clk 01:31:52]} {[%emt 00:00:21]} 10.
Bd3 {[%clk 01:30:21]} {[%emt 00:01:02]} a6 {[%clk 01:28:42]} {[%emt 00:03:38]}
11. O-O {[%clk 01:29:53]} {[%emt 00:01:00]} b5 {[%clk 01:28:34]} {[%emt
00:00:38]} 12. Nbd2 {[%clk 01:29:18]} {[%emt 00:01:05]} Qb6 {[%clk 01:28:22]}
{[%emt 00:00:41]} 13. Bxf5 {[%clk 01:28:49]} {[%emt 00:01:00]} exf5 {[%clk
01:28:35]} {[%emt 00:00:18]} 14. Nb3 {[%clk 01:28:23]} {[%emt 00:00:55]} Be6
{[%clk 01:28:05]} {[%emt 00:00:56]} 15. Rc1 {[%clk 01:27:27]} {[%emt 00:01:30]}
Rac8 {[%clk 01:27:47]} {[%emt 00:00:47]} 16. Nc5 {[%clk 01:26:11]} {[%emt
00:01:48]} a5 {[%clk 01:24:58]} {[%emt 00:03:17]} 17. Qb3 {[%clk 01:21:45]}
{[%emt 00:04:57]} a4 {[%clk 01:22:18]} {[%emt 00:03:10]} 18. Qe3 {[%clk
01:21:10]} {[%emt 00:01:05]} Rc7 {[%clk 01:13:39]} {[%emt 00:09:08]} 19. Rc2
{[%clk 01:19:18]} {[%emt 00:02:23]} Rfc8 {[%clk 01:12:14]} {[%emt 00:01:54]}
20. Rfc1 {[%clk 01:14:50]} {[%emt 00:04:59]} Nd8 {[%clk 01:08:12]} {[%emt
00:04:32]} 21. Ng5 {[%clk 01:07:58]} {[%emt 00:07:22]} Nb7 {[%clk 01:02:54]}
{[%emt 00:05:47]} 22. Rd1 {[%clk 00:57:59]} {[%emt 00:10:30]} h6 {[%clk
00:57:36]} {[%emt 00:05:49]} 1/2-1/2

[Event "DVM U12w 2024"]
[Site "Bad Homburg GER"]
[Date "2024.12.28"]
[Round "3"]
[White "Nehrukumar, Rithika"]
[Black "Ramien, Eva"]
[Result "1/2-1/2"]
[Termination "normal"]
[Board "6.2"]
[WhiteElo "1147"]
[BlackElo "1542"]
[WhiteClock "00:42:05"]
[BlackClock "00:33:44"]
[WhiteTeam "SK Freiburg-Zähringen 1887"]
[BlackTeam "SG Porz"]
[PlyCount "69"]
[WhiteFideId "34660550"]
[BlackFideId "16275390"]
[EventCountry "GER"]
[EventRounds "7"]
[EventType "team-swiss"]
[EventDate "2024.12.26"]

1. e4 {[%clk 01:30:58]} {[%emt 00:00:02]} e5 {[%clk 01:30:56]} {[%emt
00:00:05]} 2. Nc3 {[%clk 01:31:24]} {[%emt 00:00:04]} Nf6 {[%clk 01:31:18]}
{[%emt 00:00:07]} 3. f4 {[%clk 01:31:47]} {[%emt 00:00:07]} exf4 {[%clk
01:31:29]} {[%emt 00:00:18]} 4. e5 {[%clk 01:32:07]} {[%emt 00:00:11]} Ng8
{[%clk 01:31:16]} {[%emt 00:00:43]} 5. Nf3 {[%clk 01:32:29]} {[%emt 00:00:07]}
Nc6 {[%clk 01:31:36]} {[%emt 00:00:10]} 6. d4 {[%clk 01:29:32]} {[%emt
00:03:28]} Bb4 {[%clk 01:24:42]} {[%emt 00:07:24]} 7. a3 {[%clk 01:29:11]}
{[%emt 00:00:51]} Bxc3+ {[%clk 01:24:18]} {[%emt 00:00:54]} 8. bxc3 {[%clk
01:29:30]} {[%emt 00:00:12]} d6 {[%clk 01:08:43]} {[%emt 00:16:04]} 9. Bxf4
{[%clk 01:27:11]} {[%emt 00:02:49]} dxe5 {[%clk 01:04:23]} {[%emt 00:04:49]}
10. Nxe5 {[%clk 01:26:10]} {[%emt 00:01:32]} Nxe5 {[%clk 01:03:56]} {[%emt
00:00:56]} 11. Bxe5 {[%clk 01:26:07]} {[%emt 00:00:33]} Qe7 {[%clk 00:56:28]}
{[%emt 00:07:54]} 12. Qe2 {[%clk 01:25:22]} {[%emt 00:01:19]} f6 {[%clk
00:54:18]} {[%emt 00:02:42]} 13. Bxc7 {[%clk 01:23:56]} {[%emt 00:01:56]} Qxe2+
{[%clk 00:54:39]} {[%emt 00:00:08]} 14. Bxe2 {[%clk 01:24:24]} {[%emt
00:00:02]} Bf5 {[%clk 00:54:52]} {[%emt 00:00:17]} 15. Rb1 {[%clk 01:22:59]}
{[%emt 00:01:55]} b6 {[%clk 00:54:48]} {[%emt 00:00:35]} 16. O-O {[%clk
01:21:38]} {[%emt 00:01:50]} Bxc2 {[%clk 00:53:15]} {[%emt 00:02:02]} 17. Bb5+
{[%clk 01:19:04]} {[%emt 00:03:05]} Kf7 {[%clk 00:52:36]} {[%emt 00:01:08]} 18.
Bc4+ {[%clk 01:18:34]} {[%emt 00:01:02]} Kg6 {[%clk 00:52:44]} {[%emt
00:00:20]} 19. Rbc1 {[%clk 01:16:50]} {[%emt 00:02:15]} Rc8 {[%clk 00:50:48]}
{[%emt 00:02:27]} 20. Rxc2 {[%clk 01:15:35]} {[%emt 00:01:45]} Rxc7 {[%clk
00:51:12]} {[%emt 00:00:05]} 21. Bb3 {[%clk 01:16:00]} {[%emt 00:00:05]} Ne7
{[%clk 00:50:47]} {[%emt 00:00:55]} 22. Rf3 {[%clk 01:15:23]} {[%emt 00:01:07]}
h5 {[%clk 00:50:00]} {[%emt 00:01:18]} 23. d5 {[%clk 01:08:05]} {[%emt
00:07:48]} Rd7 {[%clk 00:49:59]} {[%emt 00:00:31]} 24. Rd2 {[%clk 01:07:34]}
{[%emt 00:01:02]} Rhd8 {[%clk 00:49:19]} {[%emt 00:01:09]} 25. Rfd3 {[%clk
01:05:11]} {[%emt 00:02:53]} b5 {[%clk 00:48:35]} {[%emt 00:01:14]} 26. d6
{[%clk 01:05:01]} {[%emt 00:00:40]} Nc6 {[%clk 00:45:39]} {[%emt 00:03:25]} 27.
Be6 {[%clk 01:04:13]} {[%emt 00:01:18]} Rb7 {[%clk 00:45:29]} {[%emt 00:00:39]}
28. d7 {[%clk 01:04:16]} {[%emt 00:00:29]} Ne5 {[%clk 00:44:37]} {[%emt
00:01:22]} 29. Rd5 {[%clk 00:55:34]} {[%emt 00:09:13]} a6 {[%clk 00:43:32]}
{[%emt 00:01:35]} 30. Kf2 {[%clk 00:50:21]} {[%emt 00:05:41]} Rc7 {[%clk
00:38:04]} {[%emt 00:05:59]} 31. Rd6 {[%clk 00:46:06]} {[%emt 00:04:46]} Rxc3
{[%clk 00:35:47]} {[%emt 00:02:47]} 32. Rxa6 {[%clk 00:46:15]} {[%emt
00:00:21]} Rd3 {[%clk 00:35:47]} {[%emt 00:00:30]} 33. Ke2 {[%clk 00:42:34]}
{[%emt 00:04:10]} Rxd2+ {[%clk 00:36:09]} {[%emt 00:00:09]} 34. Kxd2 {[%clk
00:42:58]} {[%emt 00:00:06]} f5 {[%clk 00:33:44]} {[%emt 00:02:55]} 35. Kc3
{[%clk 00:42:05]} {[%emt 00:01:24]} 1/2-1/2

[Event "DVM U12w 2024"]
[Site "Bad Homburg GER"]
[Date "2024.12.28"]
[Round "3"]
[White "Scharfenberg, Leah"]
[Black "Haas, Valentina"]
[Result "1-0"]
[Termination "normal"]
[Board "6.3"]
[WhiteElo "1087"]
[BlackElo "974"]
[WhiteClock "00:21:03"]
[BlackClock "01:13:53"]
[WhiteTeam "SG Porz"]
[BlackTeam "SK Freiburg-Zähringen 1887"]
[PlyCount "101"]
[WhiteFideId "34682562"]
[BlackFideId "34660461"]
[EventCountry "GER"]
[EventRounds "7"]
[EventType "team-swiss"]
[EventDate "2024.12.26"]

1. e4 {[%clk 01:30:59]} {[%emt 00:00:01]} d5 {[%clk 01:30:42]} {[%emt
00:00:18]} 2. exd5 {[%clk 01:30:59]} {[%emt 00:00:31]} Qxd5 {[%clk 01:31:00]}
{[%emt 00:00:10]} 3. Nc3 {[%clk 01:31:07]} {[%emt 00:00:22]} Qa5 {[%clk
01:31:18]} {[%emt 00:00:11]} 4. Bc4 {[%clk 01:30:28]} {[%emt 00:01:10]} Nf6
{[%clk 01:31:30]} {[%emt 00:00:19]} 5. Nf3 {[%clk 01:30:31]} {[%emt 00:00:28]}
Bg4 {[%clk 01:31:46]} {[%emt 00:00:11]} 6. O-O {[%clk 01:29:46]} {[%emt
00:01:18]} e6 {[%clk 01:31:23]} {[%emt 00:00:52]} 7. h3 {[%clk 01:27:07]}
{[%emt 00:03:10]} Bh5 {[%clk 01:31:37]} {[%emt 00:00:13]} 8. d3 {[%emt
00:01:19]} Nbd7 {[%clk 01:31:14]} {[%emt 00:00:50]} 9. Bf4 {[%clk 01:25:19]}
{[%emt 00:01:34]} h6 {[%clk 01:30:01]} {[%emt 00:01:45]} 10. Nb5 {[%clk
01:14:50]} {[%emt 00:10:52]} e5 {[%clk 01:30:07]} {[%emt 00:00:29]} 11. Re1
{[%clk 01:13:27]} {[%emt 00:01:54]} c6 {[%clk 01:30:00]} {[%emt 00:00:37]} 12.
Nc3 {[%clk 01:10:13]} {[%emt 00:03:45]} Bd6 {[%clk 01:29:59]} {[%emt 00:00:30]}
13. a3 {[%clk 00:53:30]} {[%emt 00:17:14]} O-O {[%clk 01:29:37]} {[%emt
00:00:50]} 14. Bd2 {[%clk 00:52:14]} {[%emt 00:01:48]} b5 {[%clk 01:28:31]}
{[%emt 00:01:36]} 15. Bb3 {[%clk 00:51:06]} {[%emt 00:01:37]} Qb6 {[%clk
01:28:11]} {[%emt 00:00:49]} 16. Be3 {[%clk 00:43:44]} {[%emt 00:07:52]} Qc7
{[%clk 01:26:30]} {[%emt 00:02:13]} 17. Qe2 {[%clk 00:41:35]} {[%emt 00:02:40]}
Rfe8 {[%clk 01:26:13]} {[%emt 00:00:46]} 18. Bd2 {[%clk 00:38:55]} {[%emt
00:03:10]} Re7 {[%clk 01:24:50]} {[%emt 00:01:52]} 19. Ba2 {[%clk 00:34:38]}
{[%emt 00:04:48]} Rae8 {[%clk 01:24:31]} {[%emt 00:00:48]} 20. Qe3 {[%clk
00:31:08]} {[%emt 00:04:01]} Bc5 {[%clk 01:22:37]} {[%emt 00:02:22]} 21. Qe2
{[%clk 00:30:32]} {[%emt 00:01:08]} Nb6 {[%clk 01:20:07]} {[%emt 00:03:00]} 22.
b4 {[%clk 00:29:35]} {[%emt 00:01:27]} Bd4 {[%clk 01:20:12]} {[%emt 00:00:25]}
23. Qd1 {[%clk 00:28:56]} {[%emt 00:01:09]} Na4 {[%clk 01:18:48]} {[%emt
00:01:54]} 24. Nxa4 {[%clk 00:28:36]} {[%emt 00:00:51]} Bxa1 {[%clk 01:19:05]}
{[%emt 00:00:13]} 25. Qxa1 {[%clk 00:28:59]} {[%emt 00:00:06]} Bxf3 {[%clk
01:18:25]} {[%emt 00:01:10]} 26. gxf3 {[%clk 00:29:15]} {[%emt 00:00:14]} bxa4
{[%clk 01:18:38]} {[%emt 00:00:17]} 27. Bc3 {[%clk 00:27:41]} {[%emt 00:02:04]}
Nd7 {[%clk 01:18:28]} {[%emt 00:00:41]} 28. Qd1 {[%clk 00:27:34]} {[%emt
00:00:36]} Kf8 {[%clk 01:18:31]} {[%emt 00:00:27]} 29. Qe2 {[%clk 00:27:38]}
{[%emt 00:00:27]} f6 {[%clk 01:18:38]} {[%emt 00:00:22]} 30. Qe4 {[%clk
00:27:27]} {[%emt 00:00:39]} Nb6 {[%clk 01:17:43]} {[%emt 00:01:27]} 31. Qh7
{[%clk 00:27:27]} {[%emt 00:00:30]} Nd5 {[%clk 01:18:01]} {[%emt 00:00:11]} 32.
b5 {[%clk 00:25:51]} {[%emt 00:02:07]} Rd7 {[%clk 01:17:56]} {[%emt 00:00:35]}
33. Bd2 {[%clk 00:24:35]} {[%emt 00:01:44]} cxb5 {[%clk 01:17:21]} {[%emt
00:01:07]} 34. Qh8+ {[%clk 00:22:48]} {[%emt 00:02:17]} Kf7 {[%clk 01:16:51]}
{[%emt 00:00:59]} 35. Qh7 {[%clk 00:22:53]} {[%emt 00:00:27]} Ke6 {[%clk
01:16:40]} {[%emt 00:00:34]} 36. Qg6 {[%clk 00:22:57]} {[%emt 00:00:32]} Rde7
{[%clk 01:16:35]} {[%emt 00:00:35]} 37. Qe4 {[%clk 00:22:42]} {[%emt 00:00:45]}
Rd8 {[%clk 01:16:35]} {[%emt 00:00:26]} 38. Qg4+ {[%clk 00:22:45]} {[%emt
00:00:31]} f5 {[%clk 01:15:11]} {[%emt 00:01:54]} 39. Qg6+ {[%emt 00:00:34]}
Kd7 {[%clk 01:15:17]} {[%emt 00:00:23]} 40. Bxd5 {[%clk 00:22:35]} {[%emt
00:00:38]} Qxc2 {[%clk 01:14:40]} {[%emt 00:01:06]} 41. Bb4 {[%clk 00:22:17]}
{[%emt 00:00:50]} Ree8 {[%clk 01:14:21]} {[%emt 00:00:48]} 42. Qd6+ {[%clk
00:21:40]} {[%emt 00:01:05]} Kc8 {[%clk 01:13:58]} {[%emt 00:00:54]} 43. Qa6+
{[%clk 00:20:40]} {[%emt 00:01:31]} Kd7 {[%clk 01:13:41]} {[%emt 00:00:46]} 44.
Qb7+ {[%clk 00:20:38]} {[%emt 00:00:31]} Qc7 {[%clk 01:13:48]} {[%emt
00:00:23]} 45. Bc6+ {[%clk 00:20:49]} {[%emt 00:00:21]} Ke6 {[%clk 01:13:51]}
{[%emt 00:00:25]} 46. Qxc7 {[%clk 00:21:14]} {[%emt 00:00:07]} Rc8 {[%clk
01:13:44]} {[%emt 00:00:34]} 47. Rxe5+ {[%clk 00:21:13]} {[%emt 00:00:34]} Kf6
{[%clk 01:14:02]} {[%emt 00:00:11]} 48. Qd6+ {[%clk 00:21:29]} {[%emt
00:00:14]} Kg5 {[%clk 01:13:59]} {[%emt 00:00:22]} 49. Bd2+ {[%clk 00:21:44]}
{[%emt 00:00:27]} Kh4 {[%clk 01:14:13]} {[%emt 00:00:16]} 50. Rxf5 {[%clk
00:21:03]} {[%emt 00:01:12]} g6 {[%clk 01:13:53]} {[%emt 00:00:48]} 51. Qg3#
{[%emt 00:00:35]} 1-0

[Event "DVM U12w 2024"]
[Site "Bad Homburg GER"]
[Date "2024.12.28"]
[Round "3"]
[White "Senthilkumar, Vasanthi"]
[Black "Brandt, Hilda"]
[Result "0-1"]
[Termination "normal"]
[Board "6.4"]
[WhiteElo "818"]
[BlackElo "1556"]
[WhiteClock "01:11:09"]
[BlackClock "00:44:34"]
[WhiteTeam "SK Freiburg-Zähringen 1887"]
[BlackTeam "SG Porz"]
[PlyCount "58"]
[WhiteFideId "34682511"]
[BlackFideId "34636447"]
[EventCountry "GER"]
[EventRounds "7"]
[EventType "team-swiss"]
[EventDate "2024.12.26"]

1. e4 {[%clk 01:30:57]} c5 {[%clk 01:30:52]} {[%emt 00:00:10]} 2. Nc3 {[%clk
01:30:40]} {[%emt 00:00:47]} d6 {[%clk 01:31:05]} {[%emt 00:00:17]} 3. Bc4
{[%clk 01:29:49]} {[%emt 00:01:21]} Nc6 {[%clk 01:31:23]} {[%emt 00:00:12]} 4.
Nf3 {[%clk 01:30:05]} {[%emt 00:00:14]} g6 {[%clk 01:29:18]} {[%emt 00:02:36]}
5. O-O {[%clk 01:29:18]} {[%emt 00:01:15]} Bg7 {[%clk 01:29:37]} {[%emt
00:00:11]} 6. Ng5 {[%clk 01:27:31]} {[%emt 00:02:17]} e6 {[%clk 01:29:31]}
{[%emt 00:00:38]} 7. Ne2 {[%clk 01:27:02]} {[%emt 00:00:59]} Nf6 {[%clk
01:29:26]} {[%emt 00:00:26]} 8. d3 {[%clk 01:26:35]} {[%emt 00:01:05]} O-O
{[%clk 01:28:44]} {[%emt 00:01:10]} 9. Nc3 {[%clk 01:26:39]} {[%emt 00:00:29]}
a6 {[%clk 01:28:53]} {[%emt 00:00:21]} 10. Nf3 {[%clk 01:26:06]} {[%emt
00:01:03]} b5 {[%clk 01:27:06]} {[%emt 00:02:17]} 11. Bb3 {[%clk 01:26:26]}
{[%emt 00:00:09]} Bb7 {[%clk 01:21:38]} {[%emt 00:05:59]} 12. Bg5 {[%clk
01:26:10]} {[%emt 00:00:45]} Qd7 {[%clk 01:20:45]} {[%emt 00:01:24]} 13. Re1
{[%clk 01:25:36]} {[%emt 00:01:05]} Rfe8 {[%clk 01:20:17]} {[%emt 00:00:58]}
14. Qd2 {[%clk 01:24:59]} {[%emt 00:01:04]} d5 {[%clk 01:10:15]} {[%emt
00:10:35]} 15. exd5 {[%clk 01:24:38]} {[%emt 00:00:50]} exd5 {[%clk 01:10:07]}
{[%emt 00:00:38]} 16. a3 {[%clk 01:23:35]} {[%emt 00:01:32]} Rad8 {[%clk
01:07:48]} {[%emt 00:02:51]} 17. Qf4 {[%clk 01:19:56]} {[%emt 00:04:09]} Re6
{[%clk 01:00:49]} {[%emt 00:07:28]} 18. Rad1 {[%clk 01:18:46]} {[%emt
00:01:39]} Rde8 {[%clk 00:59:33]} {[%emt 00:01:47]} 19. Re3 {[%clk 01:14:50]}
{[%emt 00:04:26]} Rxe3 {[%clk 00:50:33]} {[%emt 00:09:31]} 20. fxe3 {[%clk
01:14:59]} {[%emt 00:00:20]} Re6 {[%clk 00:50:28]} {[%emt 00:00:35]} 21. e4
{[%clk 01:13:57]} {[%emt 00:01:30]} Nd4 {[%clk 00:47:44]} {[%emt 00:03:17]} 22.
exd5 {[%clk 01:13:23]} {[%emt 00:01:03]} Nxd5 {[%clk 00:47:16]} {[%emt
00:00:59]} 23. Qb8+ {[%clk 01:12:36]} {[%emt 00:01:16]} Re8 {[%clk 00:47:02]}
{[%emt 00:00:45]} 24. Ne5 {[%clk 01:11:57]} {[%emt 00:01:08]} Bxe5 {[%clk
00:47:06]} {[%emt 00:00:27]} 25. Qa7 {[%clk 01:11:39]} {[%emt 00:00:46]} Nxc3
{[%clk 00:46:39]} {[%emt 00:00:59]} 26. bxc3 {[%clk 01:11:54]} {[%emt
00:00:14]} Ne2+ {[%clk 00:46:56]} {[%emt 00:00:13]} 27. Kf1 {[%clk 01:11:28]}
{[%emt 00:00:57]} Bxh2 {[%clk 00:45:38]} {[%emt 00:01:48]} 28. Qxc5 {[%clk
01:11:11]} {[%emt 00:00:47]} Ng3+ {[%clk 00:44:10]} {[%emt 00:01:57]} 29. Kf2
{[%clk 01:11:09]} {[%emt 00:00:33]} Re2# {[%clk 00:44:34]} {[%emt 00:00:06]}
0-1